000 00578nam a2200205Ia 4500
005 20250115030548.0
008 240331s9999 xx 000 0 und d
020 _a9062249841
082 _bNOE
_24022
_a305.3
245 0 _aGender, Economic Growth And Poverty:
_bMarket Growth and State Planning in Asia and the Pacific
260 _aNew Delhi
_bKali for Women
_c1994
260 _aUtrecht
_bInternational Books
_c1994
300 _a395 p.,
650 _aGender
650 _aPoverty
650 _aEconomy
700 _aHeyzer, N
_eedt
700 _aSen, G
_eedt
942 _cL
999 _c1576
_d1576